000 00353nam a2200121Ia 4500
008 220204s9999 xx 000 0 und d
082 _a614.71
_bBET;1
100 _aBethea, Robert M
245 0 _aAir pollution control technology: An engineering analysis point of view
260 _aNew York
_bVan Nostrand
_c1978
650 _aAir pollution
942 _cBK
999 _c29761
_d29761